[Event "Budapest HUN"]
[Site "?"]
[Date "2001.??.??"]
[Round "3"]
[White "Magyar Istvan"]
[Black "Bustamante Oscar"]
[Result "0-1"]
[WhiteElo "2045"]
[BlackElo "2075"]
[PlyCount "50"]
[EventDate "2001.??.??"]
[Source "www.chesslib.no"]
[SourceDate "2004.05.04"]

1. e4 e5 2. f4 exf4 3. Nf3 Be7 4. Bc4 Bh4+ 5. Kf1 d5 6. Bxd5 Nf6 7. Bxf7+ Kxf7 8. Nxh4 Nxe4 9. Nf3 Re8 10. d3 g5 11. Nfd2 Nf6 12. Nf3 h6 13. Bd2 Nc6 14. Bc3 Ng4 15. Qd2 Ne3+ 16. Kg1 g4 17. Ne1 Qd5 18. Qf2 Qg5 19. Nd2 Bf5 20. Nc4 Nxc4 21. dxc4 Rad8 22. Bd2 Nd4 23. Kf1 Re2 24. Qxf4 Rxd2 25. Qxc7+ Rd7 0-1

[Event "Tactica: Doble de Caballo"]
[Site "FCD02 Ajedrez... en espanol"]
[Date "1999.09.08"]
[Round "1"]
[White "Gutierrez, P. (AND)."]
[Black "Verfuerth, Thomas"]
[Result "0-1"]
[WhiteElo "2000"]
[BlackElo "2115"]
[PlyCount "64"]
[EventDate "1999.??.??"]
[Source "www.chesslib.no"]
[SourceDate "2004.05.04"]

1. e4 e5 2. f4 exf4 3. Nf3 Be7 4. h4 Nf6 5. Nc3 d5 6. e5 Ne4 7. Ne2 Bg4 8. Nxf4 Bxf3 9. Qxf3 Bxh4+ 10. Rxh4 Qxh4+ 11. Kd1 c6 12. c4 O-O 13. cxd5 cxd5 14. Nxd5 Nc6 15. Qe3 Nf2+ 16. Kc2 Nd4+ 17. Kb1 Rac8 18. Nc3 a6 19. b3 b5 20. Ba3 Rfe8 21. Kb2 Nf5 22. Qe1 Ng4 23. Qxh4 Nxh4 24. d4 Rcd8 25. Bc5 Nf5 26. Be2 Nge3 27. Bb6 Rxd4 28. Bxd4 Nxd4 29. Bd3 Rxe5 30. Re1 g6 31. Be4 b4 32. Nd5 Nxd5 0-1

[Event "Olimpiadi 2008 - open"]
[Site "Dresda GER"]
[Date "2008.11.19"]
[Round "6"]
[White "Peiris, T."]
[Black "Howell, Sh"]
[Result "1-0"]
[WhiteElo "2100"]
[BlackElo "2006"]
[PlyCount "89"]
[EventDate "2008.11.13"]
[Source "www.chesslib.no"]
[SourceDate "2004.05.04"]

1. e4 e5 2. f4 exf4 3. Nf3 Be7 4. Bc4 Bh4+ 5. Kf1 d6 6. d3 Bg4 7. Nc3 Nc6 8. Bxf4 Nge7 9. Qd2 Bxf3 10. gxf3 Ng6 11. Bg3 Bf6 12. Bb3 h5 13. h3 h4 14. Bh2 Nge5 15. Qf2 Qd7 16. Bg1 Ng6 17. f4 Rh6 18. f5 Bd4 19. Qg2 Nf4 20. Qg4 Nh5 21. Bxd4 Ng3+ 22. Kg2 Rh7 23. Bxg7 Nxh1 24. Bf6 Ne7 25. Nd5 O-O-O 26. Nxe7+ Kb8 27. Kxh1 Re8 28. Rg1 c6 29. Qg5 Kc7 30. c4 Kb8 31. Ba4 Kc7 32. b4 a6 33. Rb1 b5 34. Bb3 Rb8 35. a4 c5 36. cxb5 axb5 37. axb5 Qxb5 38. Nd5+ Kc6 39. Bc4 Qa4 40. b5+ Kb7 41. Qg2 Ra8 42. Nc3 Qa7 43. e5+ Kc7 44. b6+ Qxb6 45. Nd5+ 1-0